Energy efficient microwave systems : materials processing technologies for avionic, mobility and environmental applications /

Bibliographic Details
Main Author: Feher, Lambert E.
Corporate Author: SpringerLink (Online service)
Format: eBook
Language:English
Published: Berlin : Springer, [2009]
Subjects:
Online Access:Connect to the full text of this electronic book

MARC

Tag First Indicator Second Indicator Subfields
LEADER 00000cam a2200000Ia 4500
001 in00002441237
005 20210727085811.0
006 m d
007 cr cn|||||||||
008 090622s2009 gw a s 000 0 eng d
020 |a 3540921222 
020 |a 9783540921226 
035 |a (OCoLC)405547690 
035 |a (OCoLC)ocn405547690 
035 |a 3173336 
037 |a 978-3-540-92121-9  |b Springer  |n http://www.springerlink.com 
040 |a GW5XE  |b eng  |c GW5XE  |d UtOrBLW 
049 |a TEFA 
050 1 4 |a TK7876  |b .F44 2009 
082 0 4 |a 621.3813  |2 22 
100 1 |a Feher, Lambert E.  |0 http://id.loc.gov/authorities/names/nb2009013080 
245 1 0 |a Energy efficient microwave systems :  |b materials processing technologies for avionic, mobility and environmental applications /  |c Lambert E. Feher. 
264 1 |a Berlin :  |b Springer,  |c [2009] 
264 4 |c ©2009 
300 |a xvi, 114 pages :  |b illustrations ;  |c 24 cm. 
336 |a text  |b txt  |2 rdacontent 
337 |a computer  |b c  |2 rdamedia 
338 |a online resource  |b cr  |2 rdacarrier 
500 |a Electronic resource. 
533 |a Electronic reproduction.  |b New York :  |c Springer,  |d 2009.  |n Mode of access: World Wide Web.  |n System requirements: Web browser.  |n Title from title screen (viewed on June 4, 2009).  |n Access may be restricted to users at subscribing institutions. 
650 0 |a Materials  |x Effect of radiation on.  |0 http://id.loc.gov/authorities/subjects/sh85082073 
650 0 |a Microwaves  |x Industrial applications. 
655 7 |a Electronic books.  |2 local 
710 2 |a SpringerLink (Online service)  |0 http://id.loc.gov/authorities/names/no2005046756 
776 1 |c Original  |z 9783540921219  |z 3540921214  |w (OCoLC)305125521 
856 4 0 |u http://proxy.library.tamu.edu/login?url=https://dx.doi.org/10.1007/978-3-540-92122-6  |z Connect to the full text of this electronic book  |t 0 
994 |a C0  |b TEF 
999 |a MARS 
999 f f |s eec884ae-8e5c-337a-8dee-900148516f5b  |i e2af0531-5a99-389a-9629-88e7f7c50683  |t 0 
952 f f |a Texas A&M University  |b College Station  |c Electronic Resources  |d Available Online  |t 0  |e TK7876 .F44 2009  |h Library of Congress classification 
998 f f |a TK7876 .F44 2009  |t 0  |l Available Online